Štruktúra dlhodobej nezamestnanosti v regiónoch SR

Vybrané charakteristiky a priestorové rozdelenie dlhodobej nezamestnanosti v rámci SR vrátane uplatniteľnosti na otvorenom trhu práce.

Na minha lista:
Detalhes bibliográficos
Autor principal: Páleník, Michal
Formato: Capítulo de Livro
Idioma:eslovaco
Assuntos:
Tags: Adicionar Tag
Sem tags, seja o primeiro a adicionar uma tag!

MARC

LEADER 00000naa a2200000 4500
001 0201015
005 20220715093955.8
041 0 |a slo 
044 |a SK 
245 1 0 |a Štruktúra dlhodobej nezamestnanosti v regiónoch SR  |c Michal Páleník 
520 |a Vybrané charakteristiky a priestorové rozdelenie dlhodobej nezamestnanosti v rámci SR vrátane uplatniteľnosti na otvorenom trhu práce. 
610 2 0 |a nezamestnanosť dlhodobá 
610 2 0 |a Slovensko 
610 2 0 |a regióny 
610 2 0 |a trh práce 
100 1 |a Páleník, Michal